000 00695nam a2200277Ia 4500
005 20260324121817.0
008 008 260324s9999 xx 000 0 eng d
020 _a9780203738771
037 _aEBOOK
040 _aCRL
040 _beng
040 _cCRL
041 _2eng
041 _aeng
084 _qCRL
100 _aHarold Davis
_91163965
245 0 _aMonochromatic HDR Photography: Shooting and Processing Black & White High Dynamic Range Photos
260 _bTaylor and Francis
260 _c2013
365 _a
365 _b190
856 _uhttp://www.taylorfrancis.com/books/9780203738771
942 _cEBOOK
999 _c1756288
_d1756288